| 000 | 00692nam a2200205 a 4500 | ||
|---|---|---|---|
| 005 | 20140412111245.0 | ||
| 008 | 010810s19uu xx 00 eng d | ||
| 050 |
_aER _bTe22Da 1992 |
||
| 245 | _aThe Teddy Bears': Daring rescue. | ||
| 260 |
_aMontreal, Canada : _bTormont Publications Inc., _c1992. |
||
| 300 | _a1v. (unp.) ; ill. | ||
| 440 | _aThe Teddy Bears Adventure Books | ||
| 520 | _aRagtime and BB are playing happily until they hear a shout of help from a little bear who stuck up a tree. We must go to the rescue says BB. | ||
| 650 | _aRescue--Fiction | ||
| 650 | _aBears--Fiction | ||
| 650 | _aChildren stories | ||
| 999 |
_c102920 _d102920 |
||